| 000 | 00334nam a2200121Ia 4500 | ||
|---|---|---|---|
| 008 | 230907s9999||||xx |||||||||||||| ||und|| | ||
| 082 |
_a620.11 _bASK |
||
| 100 |
_aAskeland, Donald R. _914727 |
||
| 245 | 0 | _aEssentials of materials science and engineering / | |
| 300 | _axviii, 677 pages : | ||
| 650 |
_aTextbooks. _98511 |
||
| 942 | _cBK | ||
| 999 |
_c599043 _d599043 |
||